=LDR 00000nam 2200000 4500 =001 INLIS000000000040674 =005 20130612150232 =008 ***********************************ind** =035 ##$$a0010-061300000040674 =041 ##$$a ind =082 ##$$a 813 =090 ##$$a 813, Eva s =100 ##$$a EVANS, Nicholas =245 ##$$a Sang penerjun, Nicholas evans;Alih bahasa, Lanny murfihardjana =260 ##$$a 2006 $b Jakarta =300 ##$$a 712 Hlm, 18 cm =650 ##$$a FIKSI =700 ##$$a MURRIHARDJANA, Lanny =850 ##$$a NBPNMAT =990 ##$$a 94242/BPAP-NTB/2014 =990 ##$$a 0001/BPAP-NTB/20142014